000 00573cam a22002053a 4500
001 39422
003 PGUSA
005 20140828083857.0
008 120410s2012||||xxu|||||s|||||000 | eng d
040 _aPGUSA
_beng
042 _adc
100 1 _aMacKenzie, Compton,
_d1883-1972
245 1 4 _aThe Vanity Girl
_h[electronic resource] /
_cCompton MacKenzie
260 _bProject Gutenberg,
_c2012
506 _aPublic domain in the USA.
516 _aElectronic text
830 0 _aProject Gutenberg
_v39422
856 4 0 _uhttp://www.gutenberg.org/ebooks/39422
942 _cEB
999 _c268675
_d268675